000 00636nam a2200229Ia 4500
003 OSt
005 20221005084500.0
006 a|||||r|||| 00| 0
007 ta
008 221004b |||||||| |||| 00| 0 eng d
024 _a121219
037 _bGift, 15/09/2012,
_cTextual
040 _aCRL
_cCRL
_beng
041 _2eng
_aeng
082 _aO113:3M75:3, 111H8
100 _aMann Thomas
245 0 _aDoctor faustus
260 _aNew York
_bAlfred A.Knopf USA
_c1948
650 _aENGLISH LITERATURE
942 _hO113:3M75:3, 111H8
_cTEXL
_2cc
999 _c992646
_d992646